MARC details
| 000 -LEADER |
| fixed length control field |
05633nam a22006017u 4500 |
| 001 - CONTROL NUMBER |
| control field |
pwiiw2352 |
| 003 - CONTROL NUMBER IDENTIFIER |
| control field |
OSt |
| 005 - DATE AND TIME OF LATEST TRANSACTION |
| control field |
20260516120054.0 |
| 008 - FIXED-LENGTH DATA ELEMENTS--GENERAL INFORMATION |
| fixed length control field |
110701t2011 au ||||| |||||||| ||ger d |
| 040 ## - CATALOGING SOURCE |
| Transcribing agency |
OSt |
| 041 ## - LANGUAGE CODE |
| Language code of text/sound track or separate title |
ger |
| 084 ## - OTHER CLASSIFICATION NUMBER |
| Classification number |
P2 |
| -- |
O57 |
| -- |
E17 |
| -- |
O4 |
| Number source |
jelc |
| 100 1# - MAIN ENTRY--PERSONAL NAME |
| Personal name |
Astrov, Vasily |
| 245 10 - TITLE STATEMENT |
| Title |
Stabilisierung des verhaltenen Aufschwungs in den MOEL |
| 260 ## - PUBLICATION, DISTRIBUTION, ETC. |
| Place of publication, distribution, etc. |
Wien : |
| Name of publisher, distributor, etc. |
Wiener Institut für Internationale Wirtschaftsvergleiche (wiiw), |
| Date of publication, distribution, etc. |
2011. |
| 300 ## - PHYSICAL DESCRIPTION |
| Extent |
14 S., |
| Other physical details |
5 Tables and 9 Figures, |
| Dimensions |
30cm. |
| 490 1# - SERIES STATEMENT |
| Series statement |
wiiw Research Reports in German Language |
| Volume/sequential designation |
2011-06 |
| 520 ## - SUMMARY, ETC. |
| Summary, etc. |
(Reprint from: WIFO-Monatsberichte, Vol. 84, No. 5, May 2011)<br/><br/><br/><br/>Zusammenfassung<br/><br/><br/><br/>Das Wirtschaftswachstum belebt sich in den mittel- und osteuropäischen Ländern (MOEL) langsam, bleibt jedoch schwächer als vor der Wirtschaftskrise. Einige der kleinen, offenen Volkswirtschaften der Region wahrten durch Abwertung oder auch Produktivitätssteigerung ihre preisliche Wettbewerbsfähigkeit. Der überwiegend starke Exportaufschwung trug zur Erholung der Industrieproduktion bei. Aufgrund der dynamischen Ausfuhrentwicklung und der Schwäche der Inlandsnachfrage verringerten sich die Leistungsbilanzdefizite 2010 weiter; in den kommenden Jahren ist allerdings wieder mit einem leichten Anstieg zu rechnen. Mit der Verbesserung der Kapazitätsauslastung werden die Anlageninvestitionen 2011 in allen MOEL ausgeweitet. Auch die Nachfrage der privaten Haushalte wächst, allerdings eher verhalten. Die weltweite Verteuerung von Nahrungsmitteln und Rohstoffen bewirkt auch in den MOEL eine Inflationsbeschleunigung. Der Kreditmarkt leidet in den MOEL nach wie vor unter einer Kreditklemme und einem relativ großen Anteil uneinbringlicher Kredite. In den meisten MOEL schwenkte die Budgetpolitik 2010 auf einen ausgabenseitigen Konsolidierungspfad. Aufgrund des mäßigen Wirtschaftswachstums wird die Beschäftigung erst ab 2012 so stark zunehmen, dass die Arbeitslosigkeit merklich sinkt.<br/><br/><br/><br/>English Summary<br/><br/><br/><br/>Stabilization of a Weak Recovery in the CESEE Countries <br/><br/><br/><br/>The outlook for the world economy improved in the course of 2010 and the recovery has now gained strength in the EU as well. The Central, East and Southeast European (CESEE) countries have also recovered from the crisis; most of them recorded positive GDP growth rates. On average, their exports have been growing at an even stronger pace than before the crisis. On the other hand, industrial output has so far not surpassed pre-crisis levels. The persistent unfavourable development in construction and fixed investments – both rates echoing the still hesitant credit markets – represents one of the key internal risks that could negatively affect the rather optimistic regional economic forecast.<br/><br/><br/><br/>The general outlook for the CESEE region in the baseline scenario expects a gradual strengthening of economic growth over the period of 2011-2013, usually not exceeding 4 per cent p.a. GDP growth will become more broadly based. The formerly predominant role of external demand will weaken somewhat, while both household consumption and gross fixed investments will ultimately contribute positively to GDP growth. With exports, industrial output levels and eventually also GDP growth already recovered or on the road to recovery, the economy is seen as having largely returned ‘back to normal’ – yet with at least two important differences: (i) post-crisis growth will be slower; that slower growth, however, also implies that (ii) the labour market situation will be ‘very far from normal’ as unemployment will remain high, with young and low-skilled workers being especially adversely affected, and any improvement only gradual and delayed.<br/><br/><br/><br/>Inflation rose throughout 2010 as food and commodity prices soared; in general, however, it will pose no (or little immediate) threat. The moderate economic upturn and a revival of capital inflows have resulted in renewed pressure to appreciate the currency. The forecasts point to a gradual deterioration of current account positions in all CESEE countries. The financing constraint with respect to both domestic and external loans will constitute one of the key brakes on future economic growth. Given the sorry state of public finances and the ensuing budget consolidation efforts, we cannot expect any further growth-stimulating measures from the public sector – on the contrary, owing to the limited fiscal manoeuvring space government deficits and public debts will have to be scaled back.<br/> |
| 650 ## - SUBJECT ADDED ENTRY--TOPICAL TERM |
| Topical term or geographic name entry element |
transitional economies |
| 650 ## - SUBJECT ADDED ENTRY--TOPICAL TERM |
| Topical term or geographic name entry element |
comparative study |
| 650 ## - SUBJECT ADDED ENTRY--TOPICAL TERM |
| Topical term or geographic name entry element |
economic growth |
| 650 ## - SUBJECT ADDED ENTRY--TOPICAL TERM |
| Topical term or geographic name entry element |
fiscal and monetary policy |
| 650 ## - SUBJECT ADDED ENTRY--TOPICAL TERM |
| Topical term or geographic name entry element |
macroeconomic forecast |
| 650 ## - SUBJECT ADDED ENTRY--TOPICAL TERM |
| Topical term or geographic name entry element |
macroeconomic analysis |
| 651 ## - SUBJECT ADDED ENTRY--GEOGRAPHIC NAME |
| Geographic name |
Russia |
| 651 ## - SUBJECT ADDED ENTRY--GEOGRAPHIC NAME |
| Geographic name |
Turkey |
| 651 ## - SUBJECT ADDED ENTRY--GEOGRAPHIC NAME |
| Geographic name |
Ukraine |
| 651 ## - SUBJECT ADDED ENTRY--GEOGRAPHIC NAME |
| Geographic name |
Albania |
| 651 ## - SUBJECT ADDED ENTRY--GEOGRAPHIC NAME |
| Geographic name |
Bosnia and Herzegovina |
| 651 ## - SUBJECT ADDED ENTRY--GEOGRAPHIC NAME |
| Geographic name |
Bulgaria |
| 651 ## - SUBJECT ADDED ENTRY--GEOGRAPHIC NAME |
| Geographic name |
Croatia |
| 651 ## - SUBJECT ADDED ENTRY--GEOGRAPHIC NAME |
| Geographic name |
Czechia |
| 651 ## - SUBJECT ADDED ENTRY--GEOGRAPHIC NAME |
| Geographic name |
Estonia |
| 651 ## - SUBJECT ADDED ENTRY--GEOGRAPHIC NAME |
| Geographic name |
Hungary |
| 651 ## - SUBJECT ADDED ENTRY--GEOGRAPHIC NAME |
| Geographic name |
Kazakhstan |
| 651 ## - SUBJECT ADDED ENTRY--GEOGRAPHIC NAME |
| Geographic name |
Latvia |
| 651 ## - SUBJECT ADDED ENTRY--GEOGRAPHIC NAME |
| Geographic name |
Lithuania |
| 651 ## - SUBJECT ADDED ENTRY--GEOGRAPHIC NAME |
| Geographic name |
North Macedonia |
| 651 ## - SUBJECT ADDED ENTRY--GEOGRAPHIC NAME |
| Geographic name |
Montenegro |
| 651 ## - SUBJECT ADDED ENTRY--GEOGRAPHIC NAME |
| Geographic name |
Poland |
| 651 ## - SUBJECT ADDED ENTRY--GEOGRAPHIC NAME |
| Geographic name |
Romania |
| 651 ## - SUBJECT ADDED ENTRY--GEOGRAPHIC NAME |
| Geographic name |
Serbia |
| 651 ## - SUBJECT ADDED ENTRY--GEOGRAPHIC NAME |
| Geographic name |
Slovakia |
| 651 ## - SUBJECT ADDED ENTRY--GEOGRAPHIC NAME |
| Geographic name |
Slovenia |
| 690 ## - LOCAL SUBJECT ADDED ENTRY--TOPICAL TERM (OCLC, RLIN) |
| Topical term or geographic name as entry element |
International Trade, Competitiveness and FDI |
| 690 ## - LOCAL SUBJECT ADDED ENTRY--TOPICAL TERM (OCLC, RLIN) |
| Topical term or geographic name as entry element |
Macroeconomic Analysis and Policy |
| 690 ## - LOCAL SUBJECT ADDED ENTRY--TOPICAL TERM (OCLC, RLIN) |
| Topical term or geographic name as entry element |
Labour, Migration and Income Distribution |
| 700 1# - ADDED ENTRY--PERSONAL NAME |
| Personal name |
Holzner, Mario |
| 700 1# - ADDED ENTRY--PERSONAL NAME |
| Personal name |
Leitner, Sebastian |
| 830 #0 - SERIES ADDED ENTRY--UNIFORM TITLE |
| Volume/sequential designation |
2011-06 |
| Bibliographic record control number |
WIIW0000108 |
| Title of a work |
wiiw Research Reports in German Language |
| 856 40 - ELECTRONIC LOCATION AND ACCESS |
| Uniform Resource Identifier |
<a href="https://wiiw.ac.at/p-2352.html">https://wiiw.ac.at/p-2352.html</a> |
| 942 ## - ADDED ENTRY ELEMENTS (KOHA) |
| Koha item type |
Paper |